Logo BPK

Bibliografia Prac Pracowników

Politechniki Koszalińskiej

Termoanalizator DTA-TMA-TMAG-T 1100 stopni C do badań metali i ich stopów w stanie stałym / (Rekord nr 3570)

Szczegóły MARC
000 -ETYKIETA REKORDU
podpole kontrolne o stałej długości 01455nab a2200265 i 4500
001 - NUMER KONTROLNY REKORDU
podpole kontrolne BPP
003 - IDENTYFIKATOR NUMERU KONTROLNEGO REKORDU
podpole kontrolne BPK
005 - DATA OSTATNIEJ MODYFIKACJI REKORDU
podpole kontrolne 20190618142959.0
008 - POLE O STAŁEJ DŁUGOŚCI - DANE KONTROLNE
podpole kontrolne o stałej długości 140522s1989 pl f |000 0 pol
040 ## - ŹRÓDŁO KATALOGOWANIA
Instytucja, która utworzyła rekord BPK
080 ## - UNIWERSALNA KLASYFIKACJA DZIESIĘTNA - UKD
UKD 669.017
080 ## - UNIWERSALNA KLASYFIKACJA DZIESIĘTNA - UKD
UKD 621.78
080 ## - UNIWERSALNA KLASYFIKACJA DZIESIĘTNA - UKD
UKD 543.5
100 ## - NAZWA OSOBOWA
Nazwa osobowa MYŚLIŃSKI, Piotr.
Lata pracy 1970 - 1996.
Instytucja Wyższa Szkoła Inżynierska w Koszalinie - Wydział Mechaniczny,
Wydział Zakład Fizyki
245 ## - TYTUŁ/ODPOWIEDZIALNOŚĆ
Tytuł Termoanalizator DTA-TMA-TMAG-T 1100 stopni C do badań metali i ich stopów w stanie stałym /
Pozostałe elementy strefy tytułu i oznaczenia odpowiedzialności Piotr Myśliński, Witold Precht, Jan Staśkiewicz.
260 ## - STREFA ADRESU WYDAWNICZEGO
Data publikacji, dystrybucji/powstania dokumentu 1989.
500 ## - UWAGI OGÓLNE
Tekst uwagi Dane z autopsji.
520 ## - UWAGA DOTYCZĄCA TREŚCI DOKUMENTU
Analiza dokumentacyjna, adnotacja itp. W niniejszym opracowaniu przedstawiona jest koncepcja nowego typu termoizolatora służącego do badań metali i stopów, głównie ferromagnetycznych, przy pomocy trzech analiz termicznych: DTA, TMA i TMAG w sposób jednoczesny. Urządzenie takie zostało zbudowane w Wyższej Szkole Inżynierskiej w Koszalinie.
650 #0 - HASŁO PRZEDMIOTOWE W FORMIE NAZWY OGÓLNEJ LUB JEDNOSTKOWEJ
Nazwa ogólna lub geograficzna Stopy (metalurg.).
650 #0 - HASŁO PRZEDMIOTOWE W FORMIE NAZWY OGÓLNEJ LUB JEDNOSTKOWEJ
Nazwa ogólna lub geograficzna Metale
700 ## - HASŁO DODATKOWE - NAZWA OSOBOWA
Nazwa osobowa PRECHT, Witold.
Lata pracy 1973 - 1996.
Instytucja Wyższa Szkoła Inżynierska w Koszalnie - Wydział Mechaniczny,
Wydział Katedra Inżynierii Materiałowej
700 ## - HASŁO DODATKOWE - NAZWA OSOBOWA
Nazwa osobowa STAŚKIEWICZ, Jan.
Lata pracy 1973 - 1996.
Instytucja Wyższa Szkoła Inżynierska w Koszalinie - Wydział Mechaniczny,
Wydział Zakład Fizyki Ciała Stałego
773 ## - TYTUŁ DOKUMENTU MACIERZYSTEGO
Wyrażenie wprowadzające W :
Tytuł Metaloznawstwo Obróbka Cieplna i Inżynieria Powierzchni. -
Informacje dotyczące relacji 1989, R. 17, nr 99-100, s. 34-36
942 ## - HASŁO DODATKOWE - ELEMENTY(KOHA)
Typ dokumentu Artykuł
Schemat klasyfikacji Uniwersalna klasyfikacja dziesiętna
Egzemplarze
Wycofany Zagubiony Uszkodzony Dostępność Lokalizacja stała Lokalizacja bieżąca Sygnatura Typ dokumentu
      Dostępny Bibliografia Prac Pracowników - BPK Bibliografia Prac Pracowników - BPK 0717 Artykuł
© 2014 Biblioteka Politechniki Koszalińskiej :: BIBLIOGRAFIA PRAC PRACOWNIKÓW